000 01995cam a22005054i 4500
003 PE-LiUPU
005 20250731165457.0
008 150623s r 000 0 d
020 _a1850758832
035 _a(Sirsi) i9781850758839
040 _aPE-LiUPU
_bspa
_cPE-LiUPU
_erda
049 _aPRUA
082 0 4 _a225.077
_bJ
_221
100 1 _aDarr, John A.,
_eautor.
245 1 0 _aHerod the fox :
_baudience criticism and Lukan characterization.
_n163 /
_cJohn A. Darr.
264 1 _aSheffield, Great Britain :
_bSheffield Academic Press,
_c1998.
300 _a241 páginas ;
_c24 centímetros
336 _atext
_2rdacontent
337 _aunmediated
_2rdamedia
338 _avolume
_2rdacarrier
490 0 _aJournal for the Study of the New Testament. Supplement Series ;
_v163
504 _aIncluye bibliografía.
505 0 _aReading and interpreting Luke-Acts. -Characterization in Luke-Acts. -Charismatic and ruler in ancient mediterranean literature. -"Who then is this?" Herod, John and Jesus in Luke 3-9. -"Glorified in the presence of kings": Jesus and Herod in Luke 13-Acts 13.
526 _aSEG44
526 _aSEG26
526 _aP151
526 _aP150
526 _aP149
526 _aP146
526 _aP145
526 _aP126
526 _aP125
526 _aP92
526 _aP75
526 _aP74
526 _aP27
526 _aP15
600 1 _aHerodes I, rey de Judea.
_d73-4 a. C.
942 _2ddc
_cBOOK
949 _aRC 225.077 J 163
_wDEWEY
_c1
_i45319
_lCCODEBUL1
_mBUL
_r0
_sY
_tBOOK
_u2015-6-24
_xTEOLOGIA
_PP35
_0COMPRA
_o.CIRCNOTE. No olvidar cambiar la fecha de devolución!!!!!!!
_o.STAFF. Colección General
994 _aC0
_bPEPRU
596 _a1
999 _aRC 225.077 J 163
_wDEWEY
_c22177
_i45319
_f2021-11-8
_g6
_lCCODEBUL1
_mBUL
_r1
_sY
_tBOOK
_u2015-6-24
_xTEOLOGIA
_PP35
_0COMPRA
_o.CIRCNOTE. No olvidar cambiar la fecha de devolución!!!!!!!
_o.STAFF. Colección General
_d22177
980 _81
_gALBERTO SANCHEZ Responsable de Automatización